000 01886nam a2200229Ia 4500
003 Ost
005 20260507075110.0
008 260507s9999||||xx |||||||||||||| ||und||
040 _cfsecg
041 _aara
082 _a330
100 _aالموسوي، مجيد ضياء
_eمؤلف
245 0 _aالنظرية الاقتصادية التحليل الاقتصادي الكلي /
_c مجيد ضياء الموسوي
260 _aالاسكندرية:
_bمؤسسة شباب الجامعة,
_c2007
300 _a388 صفحة؛
_c24 سم
520 _aالفصل الأول :دالة الطلب ، جدول الطلب ، ومحنى الطلب الفصل الثاني : دالة العرض ، جدول العرض ، ومنحنى العرض الفصل الثالث : توازن السوق الفصل الرابع : المرونات الفصل الخامس : نظرية المستهلك : نظرية المنفعة القياسية الفصل السادس : نظرية المستهلك : المنفعة التدريبية وتحليل السوق الفصل السابع : نظرية الانتاج الفصل الثامن : تكاليف الانتاج الفصل التاسع السعر والانتاج في ظل المنافسة الكاملة لفصل العاشر : السعر والانتاج في ظل الاحتكار الفصل الحدي عشر : السعر والانتاج في ظل المنافسة الفصل 12 : احتكار القلة الفصل 13 : أسعار عناصر الانتاج الفصل 14: الأجور الفصل 15 : العائدات المرتبطة بالملكية الفصل السادس عشر : الرفاهية الاقتصادية
653 _aالاقتصاد
653 _aالاقتصاد الجزئي
653 _aفلسفه ونظريات
653 _aنظرية اقتصادية
942 _cكتاب
999 _c42874
_d42874